Name the Author - Statistics

General Stats
  • This quiz has been taken 23 times
  • The average score is 13 of 26
Answer Stats
Hint Answer % Correct
Harper Lee
95%
J.K. Rowling
95%
J.R.R. Tolkien
95%
Stephen King
90%
Charles Dickens
76%
George R.R. Martin
76%
E.L. James
71%
Ray Bradbury
62%
Gore Vidal
62%
Nicholas Sparks
57%
Margaret Atwood
52%
Lee Child
48%
John Grisham
48%
John Irving
48%
John Updike
48%
Joyce Carol Oates
43%
Charlaine Harris
38%
Jonathan Franzen
33%
James Patterson
29%
Jeffrey Eugenides
24%
Carlos Ruiz Zafon
24%
Patrick Ness
19%
Banana Yoshimoto
19%
Matthew Quick
14%
Robert James Waller
14%
Qiu Xiaolong
5%
No matching quizzes found
Score Distribution
Percent of People with Each Score
Percentile by Number Answered
Your Score History
You have not taken this quiz